000 00328nam a2200133Ia 4500
008 240624s9999 xx 000 0 und d
041 _aeng
082 _a302.35 SCO
100 _aSCOTT W RICHARD
245 _aINSTITUTIONAL CONSTRUCTION OF ORGANIZATI
260 _c1995
_aNew Delhi
_bSage
300 _a384 : p.
365 _c
_b28
999 _c22224
_d22224